000 00612nab a2200181 4500
001 244442
003 OSt
005 20250331080116.0
007 tu
008 200917s2020|||||||
040 _aDE-2950
_cDE-2950
245 0 0 _aWarten auf den Neustart
_bKrematorium. Seit Jahren laufen Bemühungen, um auf dem Friedhof in Frankfurt wieder Feuerbestattungen durchführen zu können. Das ist der Stand der Dinge/
_cSelim Pekel
264 _c2024
653 _aFrankfurt (Oder)
653 _aKrematorium
773 0 _g36. Jahrgang (2025) Nr. 70 vom 24.03.2025, S. 11 mit Foto
_tMärkische Oderzeitung
942 _2z
_cA
999 _c373665
_d373665